[Event "Memorial J.Capablanca (b)"]
[Site "masterchessopen.com Habana (Cuba)"]
[Round "0"]
[White "Jansa Vlastimil (CZE)"]
[Black "Vasiukov Evgeni (RUS)"]
[Result "0-1"]
[WhiteElo "2478"]
[BlackElo "2455"]

1.e4 c5 2.Nf3 d6 3.d4 cxd4 4.Nxd4 Nf6 5.Nc3 g6 6.Be3 Bg7 7.f3 Nc6 8.Bc4 Bd7
9.Qd2 Qa5 10.O-O-O O-O 11.h4 Rfc8 12.Bb3 Ne5 13.h5 Nxh5 14.Bh6 Nd3+ 15.Qxd3
Bxh6+ 16.Kb1 Rxc3 17.bxc3 Rc8 18.Nf5 Bg5 19.f4 Rxc3 20.Qd4 Bf6 21.Nh6+ Kf8
22.e5 Bg7 23.Nxf7 Rxb3+ 24.axb3 Kxf7 25.Rhe1 Bg4 26.Rd2 Ng3 27.c3 Qa3 28.Rb2
Bf5+ {#R} 0-1

[Event "Ch World (students)"]
[Site "masterchessopen.com Harrachov (Czech Republic)"]
[Round "0"]
[White "Jansa Vlastimil (CZE)"]
[Black "Wostin Rik H (BEL)"]
[Result "1-0"]
[WhiteElo "2478"]
[BlackElo "2250"]

1.e4 c5 2.Nf3 d6 3.d4 cxd4 4.Nxd4 Nf6 5.Nc3 g6 6.Be3 Bg7 7.f3 Nc6 8.Bc4 O-O
9.Qd2 Bd7 10.O-O-O Qa5 11.Bb3 Rfc8 12.Kb1 Ne5 13.Qe2 b5 14.Ncxb5 Rab8 15.c4
Nxc4 16.Bxc4 a6 17.Na7 Rc7 18.Nb3 Qa4 19.Rd4 Rb4 20.Bxa6 Rxd4 21.Bxd4 Ne8
22.Bb5 Bxb5 23.Nxb5 {#r} 1-0

[Event "It"]
[Site "masterchessopen.com Palma de Majorca (Spain)"]
[Round "0"]
[White "O'kelly De Galway Alberic (BEL)"]
[Black "Toran Albero Roman (ESP)"]
[Result "1-0"]
[WhiteElo "2460"]
[BlackElo "2445"]

1.e4 c5 2.Nf3 d6 3.d4 cxd4 4.Nxd4 Nf6 5.Nc3 g6 6.Be3 Bg7 7.f3 O-O 8.Qd2 Nc6
9.Bc4 Bd7 10.O-O-O Qa5 11.Bb3 Rfc8 12.h4 h5 13.Kb1 Ne5 14.g4 Nc4 15.Bxc4 Rxc4
16.Nb3 Qa6 17.Bg5 Be6 18.e5 Nd7 19.exd6 Bxc3 20.bxc3 Ra4 21.Rhe1 Rxa2 22.Rxe6
fxe6 23.dxe7 {#r} 1-0

[Event "Izt"]
[Site "masterchessopen.com Sousse (Tunisia)"]
[Round "0"]
[White "Byrne Robert E (USA)"]
[Black "Korchnoi Viktor (SUI)"]
[Result "0-1"]
[WhiteElo "2434"]
[BlackElo "2556"]

1.e4 c5 2.Nf3 d6 3.d4 cxd4 4.Nxd4 Nf6 5.Nc3 Nc6 6.Be3 g6 7.f3 Bg7 8.Qd2 O-O
9.Bc4 Qa5 10.O-O-O Bd7 11.Kb1 Rfc8 12.Bb3 Ne5 13.h4 Nc4 ( 13...b5 14.g4 { e }
) 14.Bxc4 Rxc4 15.Nb3 Qa6 16.e5 ( 16.Nc5 Rxc5 17.Bxc5 { P } ) 16...Ne8 17.Nd5
Bxe5 18.Nxe7+ Kf8 19.Nd5 Bf5 20.Bh6+ Ng7 21.Ne3 Rac8 22.Nxc4 ( 22.Nxf5 Rxc2
23.Qxc2 Rxc2 24.Kxc2 gxf5 { = } ) 22...Rxc4 23.Rc1 Ra4 24.f4 Bf6 ( 24...Bxb2
25.Kxb2 Rxa2+ 26.Kb1 Qa3 { ^20 } ) 25.Bg5 Bxg5 26.hxg5 Rxa2 27.Rxh7 Be6 28.Qc3
Ra1+ {#R} 0-1

[Event "Tournament"]
[Site "masterchessopen.com Vilnius (Lithuania)"]
[Round "0"]
[White "Arbakov Valentin (RUS)"]
[Black "Bykhovsky Anatoly A (RUS)"]
[Result "0-1"]
[WhiteElo "2444"]
[BlackElo "2354"]

1.e4 c5 2.Nf3 d6 3.d4 cxd4 4.Nxd4 Nf6 5.Nc3 g6 6.Be3 Bg7 7.f3 O-O 8.Qd2 Nc6
9.Bc4 Bd7 10.O-O-O Qa5 11.Bb3 Rfc8 12.Kb1 Ne5 13.g4 Nc4 14.Bxc4 Rxc4 15.h4
Rac8 16.Nb3 Qa6 17.Bd4 e5 18.Be3 Bxg4 19.Rhf1 Rxc3 20.bxc3 Bxf3 21.Rxf3 Nxe4
22.Qe1 Nxc3+ 23.Kc1 Ne2+ {#R} 0-1

[Event "Ch Denmark"]
[Site "masterchessopen.com Copenhagen (Denmark)"]
[Round "0"]
[White "Moe Mogens (DEN)"]
[Black "Andersen Borge (DEN)"]
[Result "1-0"]
[WhiteElo "2300"]
[BlackElo "2385"]

1.e4 c5 2.Nf3 Nc6 3.d4 cxd4 4.Nxd4 Nf6 5.Nc3 d6 6.Bc4 Bd7 7.Be3 g6 8.f3 Bg7
9.Qd2 O-O 10.O-O-O Qa5 11.h4 Ne5 12.Bb3 Rfc8 13.Qe2 a6 14.h5 b5 15.hxg6 hxg6
16.Nd5 Nxd5 17.exd5 Nc4 18.Bg5 Re8 19.Qe4 f5 20.Qh4 Kf7 21.Rhe1 e5 22.dxe6+
Bxe6 23.Nxe6 Rxe6 24.Rxe6 Bxb2+ 25.Kb1 Kxe6 26.Qh7 {#r} 1-0

[Event "Ch BRD"]
[Site "masterchessopen.com Koenigsfeld (Germany)"]
[Round "6"]
[White "Klundt Klaus (GER)"]
[Black "Christoph Manfred Dr (GER)"]
[Result "1-0"]
[WhiteElo "2385"]
[BlackElo "2300"]

1.e4 c5 2.Nf3 d6 3.d4 cxd4 4.Nxd4 Nf6 5.Nc3 g6 6.Be3 Bg7 7.f3 Nc6 8.Bc4 Bd7
9.Qd2 O-O 10.O-O-O Qa5 11.Bb3 Rfc8 12.g4 Ne5 13.h4 Nc4 14.Bxc4 Rxc4 15.Nb3 Qd8
16.h5 Rac8 17.e5 Nxg4 18.fxg4 Bxg4 19.hxg6 hxg6 20.Qh2 Bh5 21.Bd4 Bxd1 22.Qh7+
Kf8 23.Rxd1 Rxd4 24.Nxd4 Bxe5 25.Rf1 Bf6 26.Nd5 Qa5 27.Nxf6 exf6 28.Qh8+ Ke7
29.Qxf6+ {#r} 1-0

[Event "Tournament (candidates)"]
[Site "masterchessopen.com Yugoslavia"]
[Round "0"]
[White "Janosevic Dragoljub (YUG)"]
[Black "Velimirovic Dragoljub (SRB)"]
[Result "0-1"]
[WhiteElo "2330"]
[BlackElo "2407"]

1.e4 c5 2.Nf3 d6 3.d4 cxd4 4.Nxd4 Nf6 5.Nc3 g6 6.Be3 Bg7 7.f3 Nc6 8.Bc4 O-O
9.Qd2 Qa5 10.O-O-O Bd7 11.Bb3 Rfc8 12.Kb1 Ne5 13.h4 Nc4 14.Bxc4 Rxc4 15.Nb3
Qd8 16.Bh6 Bh8 17.h5 Rac8 18.hxg6 fxg6 19.g4 Be6 20.e5 Rxc3 21.bxc3 Nd5
22.Rde1 Nxc3+ 23.Kb2 Qe8 24.f4 Qa4 25.a3 Nb5 26.Qb4 Rxc2+ 27.Kxc2 Nxa3+ 28.Kc3
Nb5+ 29.Qxb5 Qxb5 30.Nd2 Bxg4 {#R} 0-1

[Event "Europe Tournament (corr.)"]
[Site "masterchessopen.com corr."]
[Round "0"]
[White "Schneider Veronika (HUN)"]
[Black "Packroff Hermann (GER)"]
[Result "1-0"]
[WhiteElo "2297"]
[BlackElo "2187"]

1.e4 c5 2.Nf3 Nc6 3.d4 cxd4 4.Nxd4 g6 5.Nc3 Bg7 6.Be3 Nf6 7.Bc4 d6 8.f3 O-O
9.Qd2 Bd7 10.O-O-O Qa5 11.Bb3 Rfc8 12.Kb1 Ne5 13.Qe2 a6 14.g4 b5 15.g5 Nh5
16.Nd5 Qd8 17.Qd2 a5 18.a3 Nc4 19.Bxc4 Rxc4 20.Nb3 Ra6 21.Qd3 e6 22.Nf4 Nxf4
23.Bxf4 Rcc6 24.Be3 b4 25.a4 Rcb6 26.Bxb6 Qxb6 27.Nc5 Ra7 28.Qxd6 {#r} 1-0

[Event "Bundesliga"]
[Site "masterchessopen.com Germany"]
[Round "0"]
[White "Auchenberg Per (DEN)"]
[Black "Podzielny Karl-Heinz (GER)"]
[Result "1-0"]
[WhiteElo "2133"]
[BlackElo "2470"]

1.e4 c5 2.Nf3 d6 3.d4 cxd4 4.Nxd4 Nf6 5.Nc3 g6 6.Be3 Bg7 7.f3 O-O 8.Bc4 Nc6
9.Qd2 Bd7 10.O-O-O Qa5 11.Bb3 Rfc8 12.h4 Ne5 13.h5 Nxh5 14.Bh6 Nd3+ 15.Kb1
Bxd4 16.Nd5 Qd8 17.Rxh5 Bh8 18.cxd3 e6 19.Bg5 f6 20.Rxh7 fxg5 21.Re7 exd5
22.Qxg5 Kf8 23.Qxd5 Be8 24.Rf7+ {#r} 1-0

[Event "Ch Hungary"]
[Site "masterchessopen.com Budapest (Hungary)"]
[Round "0"]
[White "Honfi Karoly (HUN)"]
[Black "Horvath Gyula (HUN)"]
[Result "1-0"]
[WhiteElo "2445"]
[BlackElo "2364"]

1.e4 c5 2.Nf3 d6 3.d4 cxd4 4.Nxd4 Nf6 5.Nc3 g6 6.Be3 Bg7 7.f3 Nc6 8.Qd2 O-O
9.Bc4 Bd7 10.O-O-O Qa5 11.Bb3 Rfc8 12.h4 Ne5 13.Kb1 b5 14.Ncxb5 Qa6 15.Na3
Rab8 16.Bh6 d5 17.Bxg7 Kxg7 18.exd5 Qb6 19.Qe2 a5 20.Qxe5 a4 21.h5 axb3
22.axb3 Rc5 23.g4 Rxd5 24.Nf5+ Bxf5 25.Rxd5 Qxb3 26.gxf5 {#r} 1-0

[Event "It"]
[Site "masterchessopen.com Varna (Bulgaria)"]
[Round "0"]
[White "Ghizdavu Dumitru (USA)"]
[Black "Arnaudov Petar (BUL)"]
[Result "1-0"]
[WhiteElo "2450"]
[BlackElo "2148"]

1.e4 c5 2.Nf3 d6 3.d4 cxd4 4.Nxd4 Nf6 5.Nc3 g6 6.Be3 Bg7 7.f3 O-O 8.Qd2 Nc6
9.Bc4 Bd7 10.O-O-O Qa5 11.Bb3 Rfc8 12.h4 Ne5 13.h5 Nxh5 14.Bh6 Nd3+ 15.Kb1
Nxb2 16.Kxb2 Bxh6 17.Qxh6 Rxc3 18.g4 Nf6 19.e5 Rxb3+ 20.axb3 dxe5 21.Ne2 e4
22.g5 Nh5 23.Rxd7 Qe5+ 24.Kb1 exf3 25.Rhd1 f5 26.Rd8+ {#r} 1-0

[Event "It (open)"]
[Site "masterchessopen.com Oberwart (Austria)"]
[Round "0"]
[White "Neubauer Martin (AUT)"]
[Black "Schuster Carlos (ARG)"]
[Result "1-0"]
[WhiteElo "2431"]
[BlackElo "2294"]

1.e4 c5 2.Nf3 Nc6 3.d4 cxd4 4.Nxd4 d6 5.Nc3 g6 6.Be3 Bg7 7.Qd2 Nf6 8.f3 O-O
9.Bc4 Bd7 10.O-O-O Qa5 11.h4 Ne5 12.Bb3 Rfc8 13.Bh6 Bh8 14.h5 Nxh5 15.Rxh5
Rxc3 16.Rxe5 dxe5 17.Ne2 {#r} 1-0

[Event "It (open)"]
[Site "masterchessopen.com Martigny (Switzerland)"]
[Round "8"]
[White "Perruchoud Benoit (SUI)"]
[Black "Trabattoni Franco (ITA)"]
[Result "0-1"]
[WhiteElo "2046"]
[BlackElo "2308"]

1.e4 c5 2.Nf3 d6 3.d4 cxd4 4.Nxd4 Nf6 5.Nc3 g6 6.Be3 Bg7 7.f3 Nc6 8.Qd2 O-O
9.Bc4 Bd7 10.O-O-O Qa5 11.Bb3 Rfc8 12.g4 Ne5 13.h4 Nc4 14.Bxc4 Rxc4 15.Nb3 Qa6
16.h5 Rxc3 17.bxc3 Qxa2 18.hxg6 Be6 19.gxf7+ Bxf7 20.Bh6 Bxh6 21.Rxh6 Rc8
22.Qg5+ Kh8 23.Qf5 Rxc3 24.Nd4 Rc5 25.Qxc5 dxc5 26.Nf5 Qa3+ 27.Kd2 Qxf3
28.Rdh1 Nxe4+ {#R} 0-1

[Event "Ch URS"]
[Site "masterchessopen.com Moscow (Russia)"]
[Round "0"]
[White "Arbakov Valentin (RUS)"]
[Black "Alekseev Andrey (RUS)"]
[Result "1-0"]
[WhiteElo "2444"]
[BlackElo "2340"]

1.e4 c5 2.Nf3 d6 3.d4 cxd4 4.Nxd4 Nf6 5.Nc3 g6 6.Be3 Bg7 7.f3 Nc6 8.Bc4 O-O
9.Qd2 Bd7 10.O-O-O Qa5 11.h4 Ne5 12.Bb3 Rfc8 13.h5 Nxh5 14.Bh6 Bxh6 15.Qxh6
Rxc3 16.bxc3 Rc8 17.Ne2 Nc4 18.Rd5 Qa3+ 19.Kd1 e5 20.Rxh5 gxh5 21.Ng3 Kh8
22.Nxh5 Rg8 23.Qf6+ {#r} 1-0

[Event "Ch France (team)"]
[Site "masterchessopen.com France"]
[Round "0"]
[White "Apicella Manuel (FRA)"]
[Black "Leriche Eric (FRA)"]
[Result "1-0"]
[WhiteElo "2540"]
[BlackElo "2304"]

1.e4 c5 2.Nf3 d6 3.d4 cxd4 4.Nxd4 Nf6 5.Nc3 g6 6.Be3 Bg7 7.f3 Nc6 8.Qd2 O-O
9.Bc4 Bd7 10.O-O-O Qa5 11.h4 Rfc8 12.Bb3 Ne5 13.Kb1 b5 14.h5 Nxh5 15.g4 Nf6
16.Bh6 Rxc3 17.Bxg7 Kxg7 18.bxc3 Kg8 19.Rxh7 Nxh7 20.Rh1 e6 21.Qh6 Bc8 22.g5
Qb6 23.f4 Ng4 24.Qxh7+ Kf8 25.f5 gxf5 26.g6 fxg6 27.Qh8+ {#r} 1-0

[Event "It (open)"]
[Site "masterchessopen.com Aarhus (Denmark)"]
[Round "7"]
[White "Petersen Finn (DEN)"]
[Black "Jensen Jacob Bjerre (DEN)"]
[Result "1-0"]
[WhiteElo "2275"]
[BlackElo "2172"]

1.e4 c5 2.Nf3 d6 3.Nc3 Nf6 4.d4 cxd4 5.Nxd4 g6 6.Be3 Bg7 7.f3 O-O 8.Bc4 Nc6
9.Qd2 Bd7 10.O-O-O Qa5 11.Bb3 Rfc8 12.Kb1 Ne5 13.Bg5 Nc4 14.Bxc4 Rxc4 15.Bxf6
exf6 16.Nb3 Qa6 17.Qxd6 Bc6 18.Nd5 Rf8 19.Rd2 Bb5 20.Ne7+ Kh8 21.Qxa6 Bxa6
22.Rhd1 Bh6 23.Rd7 Rb4 24.Nc5 Be2 25.Re1 Be3 26.Nd5 Bxc5 27.Nxb4 Bb5 28.Rxb7
Bxb4 29.Rh1 {#r} 1-0

[Event "It (open) \"]
[Site "masterchessopen.com Buenos Aires (Argentina)"]
[Round "2"]
[White "Garbarino Rodolfo (ARG)"]
[Black "Seminara Juan Pablo (ARG)"]
[Result "1-0"]
[WhiteElo "2339"]
[BlackElo "2326"]

1.e4 c5 2.Nf3 d6 3.d4 cxd4 4.Nxd4 Nf6 5.Nc3 g6 6.Be3 Bg7 7.f3 O-O 8.Qd2 Nc6
9.Bc4 Bd7 10.O-O-O Qa5 11.Kb1 Rfc8 12.Bb3 Ne5 13.h4 Nc4 14.Bxc4 Rxc4 15.Nb3
Qc7 16.Bd4 Bc6 17.h5 b5 18.hxg6 hxg6 19.Rh4 a5 20.Rdh1 a4 21.Nc1 Qa5 22.g4 b4
23.Qh2 Nh5 24.Bxg7 Kxg7 25.Nd5 b3 26.Rxh5 bxc2+ 27.Ka1 Bxd5 28.Rh7+ Kf6
29.Qf4+ Ke6 30.Qxf7+ Ke5 {#r} 1-0

[Event "It"]
[Site "masterchessopen.com Guildford (England)"]
[Round "1"]
[White "Cullip Stephen (ENG)"]
[Black "Ward Christopher (ENG)"]
[Result "0-1"]
[WhiteElo "2305"]
[BlackElo "2448"]

1.e4 c5 2.Nf3 d6 3.d4 cxd4 4.Nxd4 Nf6 5.Nc3 g6 6.Be3 Bg7 7.f3 O-O 8.Bc4 Nc6
9.Qd2 Bd7 10.O-O-O Qa5 11.h4 Ne5 12.Bb3 Rfc8 13.g4 Nc4 14.Bxc4 Rxc4 15.Nb3 Qa6
16.Bd4 Rac8 17.Kb1 e5 18.Be3 Bxg4 19.Rhf1 Rxc3 20.bxc3 Bxf3 21.Qxd6 Bxd1
22.Qxa6 bxa6 23.Rxd1 Nxe4 24.Rd7 Nxc3+ {#R} 0-1

[Event "It (open)"]
[Site "masterchessopen.com Meudon (France)"]
[Round "1"]
[White "Pautrot Stephane (FRA)"]
[Black "Khomeriki Giorgi (GEO)"]
[Result "0-1"]
[WhiteElo "2170"]
[BlackElo "2100"]

1.e4 c5 2.Nf3 d6 3.d4 cxd4 4.Nxd4 Nf6 5.Nc3 g6 6.Be3 Bg7 7.f3 Nc6 8.Bc4 O-O
9.Qd2 Bd7 10.O-O-O Qa5 11.Bb3 Rfc8 12.g4 Ne5 13.h4 Nc4 14.Bxc4 Rxc4 15.h5 Rac8
16.hxg6 fxg6 17.Nb3 Qa6 18.e5 Ne8 19.Qh2 h6 20.Bxh6 Bxe5 21.Qd2 Rxc3 22.bxc3
Bxc3 23.Qd5+ e6 {#R} 0-1

[Event "It (open)"]
[Site "masterchessopen.com Goch (Germany)"]
[Round "1"]
[White "Polzin Rainer (GER)"]
[Black "Horvat Lars"]
[Result "1-0"]
[WhiteElo "2375"]
[BlackElo "2395"]

1.e4 c5 2.Nf3 d6 3.d4 cxd4 4.Nxd4 Nf6 5.Nc3 g6 6.Be3 Bg7 7.f3 O-O 8.Bc4 Nc6
9.Qd2 Qa5 10.O-O-O Bd7 11.h4 Rfc8 12.Bb3 Ne5 13.Kb1 Nc4 14.Bxc4 Rxc4 15.Nb3
Qd8 16.Bh6 Bxh6 17.Qxh6 Rxc3 18.bxc3 Rc8 19.Rd3 a5 20.h5 a4 21.hxg6 fxg6
22.Nd2 Qa5 23.e5 Qxe5 24.Ne4 Nh5 25.g4 Bxg4 26.Ng5 Be6 27.Qxh7+ Kf8 28.Qxg6
Nf4 29.Nh7# 1-0

[Event "Ch Austria (juniors) (under 14)"]
[Site "masterchessopen.com Schladming (Austria)"]
[Round "5"]
[White "Sandhoefner Florian (AUT)"]
[Black "Robinson Peter (ENG)"]
[Result "1-0"]
[WhiteElo "2201"]
[BlackElo "2270"]

1.e4 c5 2.Nf3 d6 3.d4 cxd4 4.Nxd4 Nc6 5.Nc3 g6 6.Be3 Bg7 7.f3 Nf6 8.Bc4 O-O
9.Qd2 Bd7 10.O-O-O Qa5 11.h4 Rfc8 12.Bb3 Ne5 13.Bh6 Bh8 14.h5 Nxh5 15.Rxh5 b5
16.Rh2 b4 17.Nd5 Nc6 18.Nxc6 {#r} 1-0

[Event "Slovak League 1993/94"]
[Site "masterchessopen.com Slovakia"]
[Round "10"]
[White "Pasko Peter (SVK)"]
[Black "Blaho Stefan (SVK)"]
[Result "0-1"]
[WhiteElo "2089"]
[BlackElo "2113"]

1.e4 c5 2.Nf3 d6 3.d4 cxd4 4.Nxd4 Nf6 5.Nc3 g6 6.f3 Bg7 7.Bc4 O-O 8.Be3 Nc6
9.Qd2 Bd7 10.O-O-O Qa5 11.h4 Rfc8 12.Bb3 Ne5 13.Bh6 Bxh6 14.Qxh6 Rxc3 15.bxc3
Qxc3 16.Kb1 Rc8 17.Qd2 Qc5 18.Rc1 a5 19.c3 a4 20.Bd1 Nc4 21.Qg5 Qb6+ 22.Ka1
Qb2# 0-1

[Event "Ch World (juniors) (under 12)"]
[Site "masterchessopen.com Szeged (Hungary)"]
[Round "0"]
[White "Hajdu Balazs (HUN)"]
[Black "Willemze Thomas (NED)"]
[Result "1-0"]
[WhiteElo "2139"]
[BlackElo "2370"]

1.e4 c5 2.Nf3 d6 3.d4 cxd4 4.Nxd4 Nf6 5.Nc3 g6 6.Be3 Bg7 7.f3 O-O 8.Qd2 Nc6
9.Bc4 Bd7 10.O-O-O Qa5 11.Bb3 Rfc8 12.Kb1 Ne5 13.h4 Nc4 14.Bxc4 Rxc4 15.Nb3
Qa6 16.Bh6 Bh8 17.h5 Nxh5 18.Rxh5 Rac8 19.Nd5 Bxb2 20.Nxe7+ Kh8 21.Ra5 Bc3
22.Rxa6 Bxd2 23.Rxd2 bxa6 24.Nxc8 {#r} 1-0

[Event "It (open)"]
[Site "masterchessopen.com Bern (Switzerland)"]
[Round "3"]
[White "Szieberth Adam (HUN)"]
[Black "Belaz Christian (SUI)"]
[Result "1-0"]
[WhiteElo "2390"]
[BlackElo "2101"]

1.e4 c5 2.Nf3 d6 3.d4 cxd4 4.Nxd4 Nf6 5.Nc3 g6 6.Be3 Bg7 7.f3 O-O 8.Qd2 Nc6
9.Bc4 Bd7 10.O-O-O Qa5 11.h4 Rfc8 12.Bb3 Ne5 13.g4 b5 14.h5 b4 15.Nd5 Nxd5
16.exd5 Ba4 17.Kb1 Nc4 18.Bxc4 Rxc4 19.hxg6 hxg6 20.b3 Rc3 21.Bh6 Bf6 22.g5
Bh8 23.Bf8 Qxd5 24.Qh2 Bxd4 25.Bxe7 Rxb3+ 26.axb3 {#r} 1-0

[Event "It (open) \"]
[Site "masterchessopen.com Buenos Aires (Argentina)"]
[Round "8"]
[White "Rodriguez Andres (ESP)"]
[Black "Langier Daniel (ARG)"]
[Result "1-0"]
[WhiteElo "2306"]
[BlackElo "2395"]

1.e4 c5 2.Nf3 d6 3.d4 cxd4 4.Nxd4 Nf6 5.Nc3 g6 6.Be3 Bg7 7.f3 Nc6 8.Qd2 O-O
9.Bc4 Bd7 10.O-O-O Qa5 11.Bb3 Rfc8 12.h4 Ne5 13.Kb1 Nc4 14.Bxc4 Rxc4 15.Nb3
Qa6 16.g4 Rxc3 17.Qxc3 Nxg4 18.Bd4 Nf2 19.Bxg7 Nxd1 20.Qd4 e5 21.Bxe5 dxe5
22.Qxd7 Nf2 23.Re1 Qb6 24.Qe7 Nh3 25.Nc5 Rc8 26.Nd7 Qf2 27.Rc1 Qxf3 28.Qxe5 h6
29.Nf6+ Kf8 30.Nd5 {#r} 1-0

[Event "n) (b"]
[Site "masterchessopen.com Darmstadt (Germany)"]
[Round "0"]
[White "Ebert Wolfgang (GER)"]
[Black "Grabarczyk Bogdan (POL)"]
[Result "0-1"]
[WhiteElo "2180"]
[BlackElo "2370"]

1.e4 c5 2.Nf3 d6 3.d4 cxd4 4.Nxd4 Nf6 5.Nc3 g6 6.Be3 Bg7 7.f3 Nc6 8.Qd2 Bd7
9.Bc4 O-O 10.O-O-O Qa5 11.h4 Rfc8 12.Bb3 Ne5 13.Kb1 Nc4 14.Bxc4 Rxc4 15.Nb3
Qd8 16.Bd4 Bc6 17.h5 a5 18.hxg6 hxg6 19.Bxf6 Bxf6 20.Nd5 Bxd5 21.Qxd5 Qc7
22.Qd3 a4 23.Nd2 Rb4 24.b3 axb3 25.cxb3 Rxa2 {#R} 0-1

[Event "Ch Slovakia (open)"]
[Site "masterchessopen.com Trencin (Slovakia)"]
[Round "1"]
[White "Fiacan Robert (SVK)"]
[Black "Horvath Mario (SVK)"]
[Result "0-1"]
[WhiteElo "2138"]
[BlackElo "2270"]

1.e4 c5 2.Nf3 d6 3.d4 cxd4 4.Nxd4 Nf6 5.Nc3 g6 6.Be3 Bg7 7.f3 O-O 8.Qd2 Nc6
9.Bc4 Bd7 10.O-O-O Qa5 11.Bb3 Rfc8 12.h4 Ne5 13.h5 Nxh5 14.Bh6 Bxh6 15.Qxh6
Rxc3 16.bxc3 Nf6 17.Nf5 gxf5 18.g4 fxg4 19.f4 Nf3 20.Rd3 Rc8 21.e5 dxe5 22.Bd5
Rxc3 23.Rxf3 Rxf3 24.Bxf3 Qa3+ 25.Kb1 Qb4+ 26.Ka1 Qc3+ 27.Kb1 Bf5 28.Bd1 Qb4+
29.Ka1 Qxf4 30.Qh4 Qc1# 0-1

[Event "Ch Poland"]
[Site "masterchessopen.com Brzeg Dolny (Poland)"]
[Round "15"]
[White "Bobras Piotr (POL)"]
[Black "Grabarczyk Bogdan (POL)"]
[Result "0-1"]
[WhiteElo "2355"]
[BlackElo "2440"]

1.e4 c5 2.Nf3 d6 3.d4 cxd4 4.Nxd4 Nf6 5.Nc3 g6 6.Be3 Bg7 7.f3 Nc6 8.Qd2 Bd7
9.Bc4 O-O 10.O-O-O Qa5 11.Bb3 Rfc8 12.h4 Ne5 13.g4 Rc4 14.Bxc4 Nxc4 15.Qd3 Qb4
16.Nb3 Nxe4 17.fxe4 Bxc3 18.Bd4 Bxd4 19.Qxd4 Bxg4 20.Rde1 a5 21.Rhg1 h5 22.c3
Qb5 23.Qf2 e5 24.Kb1 Rc8 25.Nc1 d5 26.exd5 Qxd5 27.Ka1 a4 28.Rg3 e4 29.Qc2 Bf5
30.Qxa4 Qd2 {#R} 0-1

[Event "Ch France (team) (juniors) (under 18)"]
[Site "masterchessopen.com France"]
[Round "0"]
[White "Cour Timothee (FRA)"]
[Black "Hattu Alexis (FRA)"]
[Result "1-0"]
[WhiteElo "2084"]
[BlackElo "2153"]

1.e4 c5 2.Nf3 d6 3.d4 cxd4 4.Nxd4 Nf6 5.Nc3 g6 6.Be3 Bg7 7.f3 O-O 8.Qd2 Nc6
9.Bc4 Bd7 10.O-O-O Qa5 11.Bb3 Rfc8 12.Kb1 Ne5 13.h4 Nc4 14.Bxc4 Rxc4 15.Nb3
Qa6 16.e5 Ne8 17.h5 Bxe5 18.hxg6 hxg6 19.Bd4 Rxd4 20.Nxd4 Rc8 21.Rde1 Rc4
22.Nb3 Bf4 23.Qf2 Be5 24.g4 Bxg4 25.fxg4 Rxg4 26.Nd5 Kf8 27.Rxe5 dxe5 28.Qh2
f6 29.Nc5 {#r} 1-0

[Event "Ch Lebanon"]
[Site "masterchessopen.com Beirut (Lebanon)"]
[Round "8"]
[White "Fadi Eid (LIB)"]
[Black "Ftouni Maan (LIB)"]
[Result "1-0"]
[WhiteElo "2389"]
[BlackElo "2090"]

1.e4 c5 2.Nf3 d6 3.d4 cxd4 4.Nxd4 Nf6 5.Nc3 g6 6.Be3 Bg7 7.f3 O-O 8.Qd2 Nc6
9.Bc4 Bd7 10.O-O-O Qa5 11.Bb3 Rfc8 12.h4 Ne5 13.h5 Nc4 14.Bxc4 Rxc4 15.hxg6
fxg6 16.Nb3 Qc7 17.e5 dxe5 18.Nd5 Qd6 19.Nxf6+ Bxf6 20.Qe2 Rd4 21.Nxd4 exd4
22.Bxd4 Qf4+ 23.Kb1 {#r} 1-0

[Event "It (cat.3)"]
[Site "masterchessopen.com Budapest (Hungary)"]
[Round "11"]
[White "Kiss Gedeon (HUN)"]
[Black "Demidenko Stanislav (UKR)"]
[Result "1-0"]
[WhiteElo "2260"]
[BlackElo "2260"]

1.e4 c5 2.Nf3 d6 3.d4 cxd4 4.Nxd4 Nf6 5.Nc3 g6 6.Be3 Bg7 7.f3 O-O 8.Qd2 Nc6
9.Bc4 Qa5 10.O-O-O Bd7 11.h4 Ne5 12.Bb3 Rfc8 13.g4 b5 14.h5 Nc4 15.Bxc4 bxc4
16.hxg6 hxg6 17.Bh6 Bh8 18.Bf8 Rxf8 19.Rxh8+ Kxh8 20.Qh6+ Kg8 21.Rh1 Nh5
22.Nd5 Qd8 23.gxh5 g5 24.Rg1 f6 25.Qg6+ Kh8 26.f4 Qe8 27.Qh6+ Kg8 28.fxg5 {#r}
1-0

[Event "It (open) \"]
[Site "masterchessopen.com Las Palmas (Spain)"]
[Round "0"]
[White "Fischer Daniel (GER)"]
[Black "Caoili Arianne (AUS)"]
[Result "0-1"]
[WhiteElo "2124"]
[BlackElo "2260"]

1.e4 c5 2.Nf3 d6 3.d4 cxd4 4.Nxd4 Nf6 5.Nc3 g6 6.Bc4 Bg7 7.Be3 O-O 8.f3 Nc6
9.Qd2 Bd7 10.O-O-O Qa5 11.h4 Rfc8 12.Bb3 Ne5 13.Kb1 b5 14.Ncxb5 Qxd2 15.Rxd2
Rab8 16.Nc3 a5 17.Rdd1 Nc4 18.Bxc4 Rxc4 19.Nce2 Ba4 20.Nb3 Nxe4 21.fxe4 Rxe4
22.Rh3 Bd7 23.Nc5 Rxb2+ 24.Kc1 Rc4 25.c3 Rxe2 26.Nxd7 Rxc3+ 27.Kb1 Rcxe3 {#R}
0-1

[Event "Tournament (team)"]
[Site "masterchessopen.com Spain"]
[Round "0"]
[White "Delgado Gonzalez Jos (ESP)"]
[Black "Ballester Sanz Joaquin (ESP)"]
[Result "0-1"]
[WhiteElo "2078"]
[BlackElo "2177"]

1.e4 c5 2.Nf3 d6 3.d4 cxd4 4.Nxd4 Nf6 5.Nc3 g6 6.Be3 Bg7 7.Bc4 O-O 8.f3 Nc6
9.Qd2 Bd7 10.O-O-O Qa5 11.h4 Ne5 12.Bb3 Rfc8 13.h5 Nxh5 14.g4 Nf6 15.Bh6 Bxh6
16.Qxh6 Rxc3 17.bxc3 Qxc3 18.Kb1 b5 19.g5 Nh5 20.Rxh5 gxh5 21.Nf5 Bxf5 22.exf5
Qxf3 23.g6 Qxd1+ 24.Kb2 Qd4+ 25.Ka3 hxg6 26.fxg6 Nxg6 27.Qxg6+ Qg7 28.Bxf7+
Kf8 29.Qe4 Kxf7 {#R} 0-1

[Event "It (open) \"]
[Site "masterchessopen.com Berlin (Germany)"]
[Round "1"]
[White "Prudlo Simon (GER)"]
[Black "Golubev Mikhail (UKR)"]
[Result "0-1"]
[WhiteElo "2211"]
[BlackElo "2515"]

1.e4 c5 2.Nf3 d6 3.d4 cxd4 4.Nxd4 Nf6 5.Nc3 g6 6.f3 Nc6 7.Be3 Bg7 8.Qd2 O-O
9.Bc4 Bd7 10.O-O-O Qa5 11.h4 Ne5 12.Bb3 Rfc8 13.h5 Nxh5 14.Nf5 Bxf5 15.exf5
Nc4 16.Bxc4 Rxc4 17.fxg6 hxg6 18.Qd5 Qc7 19.Bd4 e6 20.Qg5 Rxd4 21.Rxd4 Bxd4
22.Nb5 Qc5 {#R} 0-1

[Event "It (open) (b)"]
[Site "masterchessopen.com Eforie Nord (Romania)"]
[Round "0"]
[White "Borgovan Liviu (ROM)"]
[Black "Gehtman Boris (RUS)"]
[Result "0-1"]
[WhiteElo "2094"]
[BlackElo "2276"]

1.e4 c5 2.Nf3 d6 3.d4 cxd4 4.Nxd4 Nf6 5.Nc3 g6 6.Be3 Bg7 7.f3 Nc6 8.Qd2 O-O
9.Bc4 Bd7 10.O-O-O Qa5 11.h4 Rfc8 12.Bb3 Ne5 13.g4 Nc4 14.Bxc4 Rxc4 15.Nb3 Qa6
16.Kb1 Rac8 17.h5 Bxg4 18.fxg4 Rxc3 19.e5 Ne4 20.Qd4 Qe2 21.Qxe4 Rxe3 22.Qxb7
Qxc2+ 23.Ka1 Bxe5 24.Rb1 Qc6 25.Qb4 Re4 26.Qd2 Ra4 {#R} 0-1

[Event "Olympiad"]
[Site "masterchessopen.com Elista (Russia)"]
[Round "5"]
[White "Berlinsky Vladimir (RUS)"]
[Black "Salmensuu Olli (FIN)"]
[Result "0-1"]
[WhiteElo "2315"]
[BlackElo "2420"]

1.e4 c5 2.Nf3 d6 3.d4 cxd4 4.Nxd4 Nf6 5.Nc3 g6 6.Be3 Bg7 7.Bc4 O-O 8.f3 Nc6
9.Qd2 Bd7 10.O-O-O Qa5 11.h4 Rfc8 12.Bb3 Ne5 13.h5 Nxh5 14.g4 Nf6 15.Bh6 Bxh6
16.Qxh6 Rxc3 17.bxc3 Rc8 18.g5 Nh5 19.Rxh5 gxh5 20.g6 hxg6 21.Rg1 Bg4 22.Rxg4
hxg4 23.Ne6 Nd3+ 24.cxd3 Qxc3+ 25.Kd1 gxf3 {#R} 0-1